LIBRARY & INFORMATION CENTRE, KCAET, TAVANUR

ONLINE PUBLIC ACCESS CATALOGUE (OPAC)

Oru kudumbam parichu nattu / (Record no. 12015)

MARC details
000 -LEADER
fixed length control field 00382cam a2200145ua 4500
041 ## - LANGUAGE CODE
Language code of text/sound track or separate title mal
082 ## - DEWEY DECIMAL CLASSIFICATION NUMBER
Classification number 894.812301
Item number PAU/OR
100 ## - MAIN ENTRY--AUTHOR NAME
Personal name Paul, Chirakkarodu .
245 ## - TITLE STATEMENT
Title Oru kudumbam parichu nattu /
260 ## - PUBLICATION, DISTRIBUTION, ETC. (IMPRINT)
Place of publication Tiruvalla :
Name of publisher Southern book stall ,
Year of publication 1961.
300 ## - PHYSICAL DESCRIPTION
Number of Pages 248 ; .
942 ## - ADDED ENTRY ELEMENTS (KOHA)
Koha item type Books
Holdings
Withdrawn status Lost status Damaged status Home library Current library Date acquired Full call number Accession Number Koha item type
Withdrawn     KAUAET Malayalam University 07/04/2012 894.812301 1229 Books
free website counter